Ancient Rome /

محفوظ في:

المؤلف الرئيسي: Butterfield, Roger, 1907-1981 (مؤلف)

مؤلفون آخرون: Spier, Peter, 1927-2017.

التنسيق: كتاب

اللغة: English

سلاسل: Odyssey library ; 13.

الموضوعات:

الوسوم: إضافة وسم

لا توجد وسوم, كن أول من يضع وسما على هذه التسجيلة!

رقم الطلب: ( P )DG79 .B8 1964

LEADER 01018namaa2200301 4500
001 17881
003 OSt
005 20210102090716.0
008 130303s1964 nyuabe g 000 0 eng d
952 |0 0  |1 0  |2 lcc  |4 0  |7 1  |9 9066  |a ARCE  |b ARCE  |d 2021-01-02  |l 0  |o ( P )DG79 .B8 1964  |p 1029828  |r 2021-01-02 00:00:00  |w 2021-01-02  |y PT 
999 |c 17453  |d 17453 
010 |a 64025777 
040 |c ARCE Library 
043 |a e-it--- 
050 0 4 |a ( P )DG79 .B8 1964 
100 1 |a Butterfield, Roger,  |d 1907-1981,  |e author 
245 1 0 |a Ancient Rome /  |c by Roger Butterfield. Illustrated by Peter Spier. 
264 1 |a New York :  |b Odyssey Press,  |c 1964. 
300 |a 38 pageg :  |b color illustrations, color maps (on lining paper) color plans ;  |c 11 x 17 cm. 
336 |a text  |b txt  |2 rdacontent 
337 |a unmediated  |b n  |2 rdamedia 
338 |a volume  |b nc  |2 rdacarrier 
490 1 |a Odyssey library ;   |v 13. 
651 0 |a Rome. 
700 1 |a Spier, Peter,  |d 1927-2017. 
830 0 |a Odyssey library ;   |v 13. 
901 |a reviewed 
942 |c PT  |2 lcc